Let It Happen - Tame Impala (All Lyrics) - Statistics

General Stats
  • This quiz has been taken 384 times
    82 since last reset
  • The average score is 134 of 219
Answer Stats
Hint Answer % Correct
I
100%
(I
100%
A
96%
a
96%
happen
96%
happen"
96%
happen,
96%
it
96%
it,
96%
it?
96%
x2 "Let
94%
x2 let
94%
all
87%
Chorus All
87%
so
87%
So
87%
around
83%
around,
83%
the
83%
this
83%
Verse 1 It's
81%
(it's
81%
it's
81%
me,
81%
me
81%
not
81%
my
80%
an
78%
be
78%
always
74%
do
74%
on
74%
on)
74%
you
72%
You
72%
can
70%
I'm
70%
Just
70%
running
70%
to
70%
But
69%
but
69%
gonna
69%
hear
69%
that
67%
And
65%
and
65%
try
65%
voice
65%
as
63%
noise
63%
get
59%
loud
59%
never
59%
saying
59%
If
57%
if
57%
tell
57%
think
57%
will
57%
come
56%
feel
56%
some
56%
x2 when
56%
mother
54%
sorry
54%
would
54%
can't
52%
good)
52%
longer
52%
much
52%
story
52%
Why
52%
back,
50%
cover
50%
must
50%
nearly
50%
trying
50%
morning
48%
shadow
48%
now
46%
other
46%
Take
46%
take
46%
was
46%
been
44%
cannot
44%
inside,
44%
scare
44%
along
43%
along,
43%
ready,
43%
ready
43%
down
41%
thinkin'
41%
through
41%
vanish
41%
alarm,
39%
Outro x2 Baby,
39%
baby
39%
coming
39%
make
39%
shallow
39%
carry
37%
fight
37%
heard
37%
were
37%
growing
35%
maybe
35%
next
35%
off
35%
out
35%
shoulders
35%
They
35%
ticket
35%
train
35%
about
33%
closer
33%
happens,
33%
Oh,
33%
oh
33%
others
33%
for
31%
holding
31%
notion
31%
up
31%
bearing
30%
bound
30%
moving
30%
'round
30%
won't
30%
isn't
28%
seem
28%
someone
28%
that's
28%
fails,
26%
lovin'
26%
Something's
26%
whirlwind
26%
another
22%
moment
22%
take-off
22%
bounce
20%
Anyone'd
19%
sound
19%
Tryna
15%
No matching quizzes found
Score Distribution
Percent of People with Each Score
Percentile by Number Answered
Your Score History
You have not taken this quiz since the last reset